000 00360 a2200109 4500
020 _a087031064X
082 _a620.136 ACI
100 _aWillam, kaspar
245 _aFinite Element Analysis of Reinforced Concrete Structures
_cEditors, Kaspar Willam, Tada aki Tanabe
260 _aMichigan :
_bAmerican Concrete Institute,
_c2001
300 _aviii, 398p. :
_bill. ;
_c21 cm
650 _aConcrete
999 _c858
_d858